| 000 | 00449nam a2200181Ia 4500 | ||
|---|---|---|---|
| 008 | 240925s9999 xx 000 0 und d | ||
| 020 | _a9789380298498 | ||
| 082 | _a515.63 GUP | ||
| 100 | _aGupta, R. | ||
| 245 | 0 | _aVector Calculus | |
| 250 | _aNA | ||
| 260 |
_aChennai: _bFireWall Media _c,2012. |
||
| 300 |
_a262p. _b0 _fOriginal |
||
| 500 | _aIncludes Index | ||
| 600 | _aHumanities & Natural Science | ||
| 650 | _aMathematics | ||
| 942 | _cBK | ||
| 999 |
_c16650 _d16650 |
||